000 00460nam a2200157 i 4500
001 114672
003 ES-MaACL
005 20230906190226.0
007 t|
008 070320q19101919xxk ||||1| spa d
100 1 _aDavies, E. F.
_942912
245 1 3 _aLa hacienda de la Gran BretaƱa y la de Alemania /
_cpor E. F. Davies.
260 _aParis :
_bThomas Nelson,
_c[191-?]
300 _a87 p., [2 h. pleg.] :
_bil. ;
_c18 cm.
852 _aES-MaACL
_j1579-F-11
999 _c114672
_d114672